000 00329nam a22001457a 4500
008 210604b ||||| |||| 00| 0 eng d
020 _a9780495101611
041 _aeng
080 _211th
_a341
082 _a341
100 _a16
101 _aJUR
245 _aIntroduction to Criminal Justice
_cSiegel,L,J
942 _2udc
_cBK
999 _c57959
_d57959